000
00292nam a22001337a 4500
008
180814b xxu||||| |||| 00| 0 eng d
020
_a
0070314918
041
_a
eng
080
_a
616.12
100
_a
7
101
_a
KAR
245
_a
UPDATE II THE HEART
_c
HURST.J.W
942
_2
udc
_c
BK
999
_c
47070
_d
47070